| 000 | 01084njm a22002657a 4500 | ||
|---|---|---|---|
| 005 | 20100922144915.0 | ||
| 007 | sd ammalaaahaa | ||
| 008 | 100913t xxu||||| |||| 00| 0 hin d | ||
| 028 |
_a2392 905 _bPolydor |
||
| 035 | _aGR-03637 | ||
| 040 | _aSED/VEN | ||
| 100 |
_aMohammed Rafi _91184 |
||
| 245 |
_aAajo modhuro banshuri baaje / _cby Mohammed Rafi; music by Kazi Nazrul Islam; lyric by Kazi Nazrul Islam _h[sound recording] : |
||
| 246 | _aআজ মধুর বান্শুরি বাজে / মোহাম্মেদ রাফি দ্বারা | ||
| 260 |
_aDum Dum India _bPolydor _c1980 |
||
| 300 |
_a1 sound disc [Gramophone record] : _banalog, 33 1/3 rpm _c12.5 in. (LP) _fGramophone Record |
||
| 500 | _aBrief Record | ||
| 500 | _aRecord label : Polydor, Red | ||
| 505 | _aSide-2 Cheyona sunayona (Mohammed Rafi) | ||
| 600 |
_aMohammed Rafi _921174 |
||
| 650 |
_aVocal music _xExcerpts _zIndia _919603 |
||
| 700 |
_aKazi Nazrul Islam _921175 |
||
| 942 |
_2ddc _cGR |
||
| 999 |
_c47535 _d47535 |
||